000
00251nam a22000977a 4500
008
240902b |||||||| |||| 00| 0 eng d
020
_a
9789354405495
100
_a
Modi Narendra
_9
7799
245
_a
Letters To Self
260
_a
New Delhi
_b
Fingerprint
_c
2022
999
_c
12645
_d
12645